000 00594nam a2200241Ia 4500
003 OSt
005 20221005120203.0
006 a|||||r|||| 00| 0
007 ta
008 221004b |||||||| |||| 00| 0 mar d
024 _a47438
037 _cTextual
040 _aCRL
_cCRL
_bmar
041 _2mar
_amar
082 _aO155,3NBA,1, 31K6
100 _aBorekhar
_9628681
245 0 _aDevada ji
260 _c1966
300 _a236
_ccm.
650 _aMARATHI LITERATURE
_938000
942 _hO155,3NBA,1, 31K6
_cTEXL
_2cc
999 _c1037090
_d1037090